000 00494nam a22001817a 4500
005 20170703104127.0
010 _aENG-118524
020 _a8189431234
_c200.00
035 _aEN-102056
037 _bDBAD/PUB
082 _a882
100 _aAmal. C. Dev
245 _aRebellious rivlute :
_cby Amal. C. Dev
_bplay /
260 _aAjmer
_bAtin Publications
_c2016
270 _a59, Shastri Nagar
_bAjmer
_e305001
300 _a94p.
_c22cm(Hb)
942 _2ddc
_cEN
_mAMA
_h882
999 _c140819
_d140819